000 00287nam a2200121Ia 4500
008 190216s9999||||xx |||||||||||||| ||und||
100 _aShameem Hanafi
245 0 _aHindi - Mahakavi Ghalib Ki Sayiri
260 _bDivi Publishers
_c2002
300 _a97
650 _aHindi
942 _cBK
999 _c16153
_d16153